[Event "FRA-chT2 0910"]
[Site "France"]
[Date "2009.10.18"]
[Round "3.2"]
[White "Maitesian, Sergei"]
[Black "Le Hay, Thierry"]
[Result "1-0"]
[WhiteElo "2278"]
[BlackElo "2141"]
[PlyCount "105"]
[EventDate "2009.09.27"]
[EventType "team"]
[EventRounds "11"]
[EventCountry "FRA"]
[Source "ChessBase"]
[SourceDate "2010.03.11"]

1. e4 e6 2. d3 c5 3. Nd2 Nc6 4. g3 g6 5. Bg2 Bg7 6. f4 d6 7. Ngf3 Nge7 8. O-O
O-O 9. c3 e5 10. f5 gxf5 11. Nh4 f4 12. Qh5 Be6 13. gxf4 exf4 14. Ndf3 Qd7 15.
Ng5 h6 16. Nxe6 Qxe6 17. Bxf4 Ne5 18. d4 cxd4 19. cxd4 N5g6 20. Bxh6 Bxd4+ 21.
Kh1 Rfc8 22. Nf3 Rc5 23. Ng5 Be3 24. Nxe6 Rxh5 25. Bxe3 fxe6 26. Rf6 Ne5 27.
Rxe6 N7c6 28. Rf1 Rd8 29. Rf5 Rxf5 30. exf5 d5 31. Bf4 Nd3 32. Bd6 Nd4 33. Rg6+
Kh7 34. Rg3 Rxd6 35. Rxd3 Nxf5 36. Rxd5 Rxd5 37. Bxd5 Nd6 38. Kg2 Kg6 39. Kf3
Kg5 40. Ke3 b6 41. Kd4 Kf4 42. Be6 Ne4 43. b4 Nf6 44. Bc8 Ne4 45. Bb7 Nd6 46.
Bc6 Nf5+ 47. Kd5 Ke3 48. Bd7 Ne7+ 49. Kd6 Ng6 50. Be8 Nh4 51. Kc6 Kd4 52. b5
Nf5 53. Bd7 1-0

[Event "FRA-chT2 0910"]
[Site "France"]
[Date "2009.10.18"]
[Round "3.2"]
[White "Marco, Clement"]
[Black "Fantinel, Thibault"]
[Result "1/2-1/2"]
[WhiteElo "2058"]
[BlackElo "2144"]
[PlyCount "89"]
[EventDate "2009.09.27"]
[EventType "team"]
[EventRounds "11"]
[EventCountry "FRA"]
[Source "ChessBase"]
[SourceDate "2010.03.11"]

1. e4 c5 2. Nf3 e6 3. d4 cxd4 4. Nxd4 Nc6 5. c4 Nf6 6. Nc3 Bb4 7. Nxc6 bxc6 8.
Bg5 h6 9. Bd2 e5 10. Bd3 O-O 11. O-O Bc5 12. Qa4 Rb8 13. Rab1 Bd4 14. b4 d5 15.
exd5 cxd5 16. c5 a5 17. Ne2 axb4 18. Nxd4 exd4 19. Bf4 Bd7 20. c6 Ra8 21. Qc2
Be6 22. Rxb4 Qa5 23. Rb2 Rfc8 24. Rc1 Qa3 25. Be5 Ng4 26. Bxd4 Qd6 27. g3 Ne5
28. Bxe5 Qxe5 29. Rb7 d4 30. Rb5 Qd6 31. a4 Qa3 32. c7 Qxa4 33. Qxa4 Rxa4 34.
Rb8 Ra7 35. Be4 Raxc7 36. Rxc8+ Rxc8 37. Rxc8+ Bxc8 38. Kf1 Ba6+ 39. Ke1 Kf8
40. Kd2 Ke7 41. Bd3 Bc8 42. Bc4 Be6 43. Kd3 Bxc4+ 44. Kxc4 Ke6 45. Kxd4 1/2-1/2

[Event "FRA-chT2 0910"]
[Site "France"]
[Date "2009.10.18"]
[Round "3.2"]
[White "Mohebbi, Jaffar"]
[Black "Dubreuil, Julien"]
[Result "1-0"]
[WhiteElo "2339"]
[BlackElo "2264"]
[PlyCount "171"]
[EventDate "2009.09.27"]
[EventType "team"]
[EventRounds "11"]
[EventCountry "FRA"]
[Source "ChessBase"]
[SourceDate "2010.03.11"]

1. d4 d5 2. Nf3 Nf6 3. g3 e6 4. Bg2 c5 5. O-O Nc6 6. c4 dxc4 7. dxc5 Qxd1 8.
Rxd1 Bxc5 9. Nbd2 c3 10. bxc3 O-O 11. Nb3 Be7 12. Nfd4 Bd7 13. Nb5 Rfd8 14. Be3
Ng4 15. Bc5 Bf6 16. h3 Nge5 17. Nd6 b6 18. Be3 Rab8 19. f4 Ng6 20. Rd3 Nce7 21.
Nb7 Rdc8 22. Rxd7 Rxc3 23. Bd4 Rxg3 24. Bxf6 gxf6 25. Kf2 Rc3 26. Nd6 Kf8 27.
Ne4 Rc4 28. Rc1 Ra4 29. Rd4 Rxa2 30. Nxf6 Kg7 31. Nh5+ Kh6 32. Bf3 a5 33. Rd7
a4 34. Nd4 b5 35. Nc6 Nxc6 36. Rxc6 Rf8 37. Rb7 Rb2 38. Ra6 Rb3 39. e3 a3 40.
Nf6 b4 41. Rba7 Rb2+ 42. Kg3 Kg7 43. Rxe6 a2 44. Rea6 b3 45. Nh5+ Kh8 46. Bd5
Rb1 47. Ra3 Rg1+ 48. Kf2 b2 49. Bxa2 b1=Q 50. Bxb1 Rxb1 51. R3a5 Rb2+ 52. Kf3
f5 53. Ra8 Rg8 54. Rxg8+ Kxg8 55. Ra8+ Kf7 56. Ra7+ Ne7 57. Ng3 Rb5 58. h4 Kf6
59. Ra6+ Kf7 60. h5 Rb1 61. Ra7 Rb5 62. h6 Rc5 63. Kf2 Ke6 64. Nh5 Rc2+ 65. Kf3
Rc6 66. Ng7+ Kf6 67. Rd7 Rb6 68. Ke2 Rb2+ 69. Kd3 Rb3+ 70. Kd4 Rb4+ 71. Kc3 Re4
72. Kd3 Ra4 73. Rd6+ Kf7 74. Nh5 Ng8 75. Ng3 Ne7 76. Nh5 Ng8 77. Rb6 Ra8 78.
Ng3 Ne7 79. Rb7 Rd8+ 80. Ke2 Ke6 81. e4 fxe4 82. Nxe4 Re8 83. Kf3 Rf8 84. Ng5+
Kd6 85. Nxh7 Rh8 86. Ng5 1-0

[Event "FRA-chT2 0910"]
[Site "France"]
[Date "2009.10.18"]
[Round "3.2"]
[White "Piot, Olivier"]
[Black "Mandarin, Vitomir"]
[Result "1-0"]
[WhiteElo "2268"]
[BlackElo "2165"]
[PlyCount "107"]
[EventDate "2009.09.27"]
[EventType "team"]
[EventRounds "11"]
[EventCountry "FRA"]
[Source "ChessBase"]
[SourceDate "2010.03.11"]

1. d4 d5 2. c4 c6 3. Nf3 Nf6 4. e3 e6 5. Nbd2 Nbd7 6. b3 Bd6 7. Bb2 Qc7 8. Qc2
O-O 9. Bd3 b6 10. Rc1 Bb7 11. O-O Rac8 12. Rfe1 c5 13. e4 dxe4 14. Nxe4 Bf4 15.
Rcd1 Nxe4 16. Bxe4 Bxe4 17. Qxe4 cxd4 18. Bxd4 Rfd8 19. g3 Bh6 20. Qg4 g6 21.
Ng5 Nf8 22. Qh4 Bg7 23. Bxg7 Kxg7 24. Ne4 h6 25. Qf6+ Kg8 26. Qc3 f5 27. Nd2
Rd7 28. Nf3 Rcd8 29. Rxd7 Qxd7 30. Qf6 Re8 31. Qh4 Kg7 32. Qf4 Qf7 33. Rd1 Qf6
34. Qc7+ Re7 35. Qc6 g5 36. Nd4 Ng6 37. Qd6 e5 38. Qxf6+ Kxf6 39. Nc6 Rc7 40.
Rd6+ Kg7 41. Kf1 e4 42. Nd4 Rf7 43. Ke2 h5 44. h3 h4 45. Ne6+ Kh6 46. gxh4 Kh5
47. hxg5 f4 48. Rd4 e3 49. fxe3 fxe3 50. Kxe3 Nh4 51. Re4 Nf5+ 52. Kd3 Re7 53.
Kc3 a5 54. Rg4 1-0

[Event "FRA-chT2 0910"]
[Site "France"]
[Date "2009.10.18"]
[Round "3.2"]
[White "Vallobra, Pierre"]
[Black "Bouillot, Serge"]
[Result "0-1"]
[WhiteElo "2052"]
[BlackElo "2163"]
[PlyCount "60"]
[EventDate "2009.09.27"]
[EventType "team"]
[EventRounds "11"]
[EventCountry "FRA"]
[Source "ChessBase"]
[SourceDate "2010.03.11"]

1. d4 Nf6 2. c4 c5 3. d5 a6 4. e3 e6 5. a4 exd5 6. cxd5 d6 7. Nc3 g6 8. Nf3 Bg4
9. Be2 Bxf3 10. Bxf3 Nbd7 11. O-O Bg7 12. Be2 O-O 13. f4 Rb8 14. g4 Qe7 15. Qc2
Ne8 16. g5 Nc7 17. Bf3 Rfc8 18. h4 f6 19. e4 b5 20. Qh2 bxa4 21. Bg4 Rf8 22.
Qh3 Nb6 23. Qd3 Nb5 24. Nxb5 axb5 25. Be6+ Kh8 26. Qxb5 Nxd5 27. Qxb8 Rxb8 28.
exd5 fxg5 29. fxg5 Bd4+ 30. Kh1 Rf8 0-1

[Event "FRA-chT2 0910"]
[Site "France"]
[Date "2009.10.18"]
[Round "3.2"]
[White "Vicol, Dorian"]
[Black "Broca, Alexandre"]
[Result "1-0"]
[WhiteElo "2373"]
[BlackElo "2148"]
[PlyCount "131"]
[EventDate "2009.09.27"]
[EventType "team"]
[EventRounds "11"]
[EventCountry "FRA"]
[Source "ChessBase"]
[SourceDate "2010.03.11"]
[WhiteTeam "Mundolsheim"]

1. e4 e5 2. Nf3 f5 3. Nxe5 Qf6 4. d4 d6 5. Nc4 fxe4 6. Nc3 Qg6 7. Be3 Nf6 8. f3
exf3 9. gxf3 Be7 10. Qd2 O-O 11. Bd3 Qf7 12. Rg1 Kh8 13. O-O-O c6 14. Bf4 Ne8
15. Bg5 b5 16. Bxe7 Qxe7 17. Ne3 d5 18. Rde1 Qc7 19. Nexd5 cxd5 20. Nxd5 Qf7
21. Re7 Qxd5 22. Be4 Qh5 23. Bxa8 Bd7 24. Be4 Qh4 25. Qb4 Qf4+ 26. Kb1 Nc6 27.
Bxc6 Bxc6 28. Rxa7 Qxf3 29. b3 Rg8 30. Kb2 Qf2 31. Rg5 Be4 32. Qc3 Bxc2 33. Re7
Bg6+ 34. Ka3 Qxh2 35. Rxb5 Nd6 36. Ra5 Bb1 37. d5 Qxa2+ 38. Kb4 Qg2 39. Qe5
Qg4+ 40. Ka3 Nf5 41. Re8 h5 42. d6 Nxd6 43. Rxg8+ Kxg8 44. Qxd6 Kh7 45. Qe5 Bg6
46. Ra7 Bf5 47. Ra4 Qg6 48. Rd4 Qf6 49. Qxf6 gxf6 50. b4 Kg6 51. b5 Bc8 52. b6
Kg5 53. Rd8 Bb7 54. Rd7 Bf3 55. b7 Bxb7 56. Rxb7 h4 57. Rh7 Kg4 58. Kb3 h3 59.
Kc3 Kg3 60. Kd2 h2 61. Ke2 Kg2 62. Rg7+ Kh3 63. Kf2 h1=N+ 64. Kf3 Kh2 65. Rg2+
Kh3 66. Rg6 1-0

[Event "FRA-chT2 0910"]
[Site "France"]
[Date "2009.10.18"]
[Round "3.2"]
[White "Yacob, Francois"]
[Black "Yordanov, Nikolay"]
[Result "0-1"]
[WhiteElo "2168"]
[BlackElo "2200"]
[PlyCount "140"]
[EventDate "2009.09.27"]
[EventType "team"]
[EventRounds "11"]
[EventCountry "FRA"]
[Source "ChessBase"]
[SourceDate "2010.03.11"]

1. e4 e5 2. Nf3 Nc6 3. Bb5 f5 4. Nc3 fxe4 5. Nxe4 d5 6. Nxe5 dxe4 7. Nxc6 Qd5
8. c4 Qd6 9. Qh5+ g6 10. Qe5+ Qxe5 11. Nxe5+ c6 12. Ba4 Bg7 13. d4 exd3 14.
Nxd3 Bf5 15. Nf4 O-O-O 16. O-O Nf6 17. Bb3 Ne4 18. g4 Bd7 19. f3 Bd4+ 20. Kg2
Nc5 21. Ne2 Nxb3 22. axb3 Bb6 23. Bg5 Rde8 24. Nc3 a6 25. Ne4 Bc7 26. Rfe1 h5
27. Bf6 hxg4 28. Bxh8 Rxh8 29. f4 Bxf4 30. Ng3 c5 31. Nf1 Bc6+ 32. Kg1 Kc7 33.
Rad1 Rh3 34. b4 cxb4 35. c5 Rh5 36. Rd4 g5 37. Re7+ Kc8 38. Rxb4 a5 39. Rd4 Bb5
40. Ng3 Rh8 41. Nf5 Bxh2+ 42. Kf2 Rf8 43. Kg2 Rxf5 44. Kxh2 Rxc5 45. Rxg4 Bc6
46. Kg1 a4 47. Rb4 Kb8 48. Rg7 Ka7 49. Kf2 Ka6 50. Ke3 Ka5 51. Rg4 Rc2 52.
R7xg5+ b5 53. Rg6 Kb6 54. b4 axb3 55. Rb4 Rh2 56. Rg3 Bd5 57. Kd4 Ka5 58. Rgxb3
Bxb3 59. Rxb3 b4 60. Rb1 Ka4 61. Ra1+ Kb3 62. Rb1+ Rb2 63. Rd1 Rh2 64. Rb1+ Ka3
65. Ra1+ Kb2 66. Ra7 b3 67. Rb7 Kc2 68. Rc7+ Kb1 69. Rg7 Rh3 70. Rg1+ Ka2 0-1

[Event "FRA-chT2 0910"]
[Site "France"]
[Date "2009.10.18"]
[Round "3.3"]
[White "Bouillot, Serge"]
[Black "Baron, Daniel"]
[Result "1-0"]
[WhiteElo "2163"]
[BlackElo "2098"]
[PlyCount "111"]
[EventDate "2009.09.27"]
[EventType "team"]
[EventRounds "11"]
[EventCountry "FRA"]
[Source "ChessBase"]
[SourceDate "2010.03.11"]

1. e4 c5 2. d3 Nc6 3. g3 g6 4. Bg2 Bg7 5. f4 d6 6. c3 e5 7. Nf3 Nge7 8. O-O O-O
9. f5 gxf5 10. Nh4 f4 11. gxf4 exf4 12. Bxf4 Ng6 13. Nxg6 fxg6 14. Qb3+ Kh8 15.
Qd5 Be5 16. Bxe5+ Nxe5 17. Na3 Rxf1+ 18. Rxf1 Qg5 19. Kh1 Bg4 20. d4 Be2 21.
dxe5 Bxf1 22. Bxf1 Rf8 23. Qd1 dxe5 24. Qe1 Rf4 25. Nc4 h5 26. Bg2 h4 27. h3
Rf7 28. Ne3 Kg7 29. c4 Qd8 30. Nd5 Qg5 31. Ne3 Qd8 32. Nd5 Qg5 33. b3 b6 34.
Ne3 Qd8 35. Nd5 Qg5 36. Ne3 Qd8 37. Nd5 Qg5 38. Kh2 Rf8 39. Nc7 Qe7 40. Nd5 Qg5
41. a3 Rf7 42. b4 Qd8 43. Qe3 Qc8 44. Qg5 cxb4 45. Qxe5+ Kh6 46. axb4 Qxc4 47.
Qh8+ Kg5 48. Qe5+ Kh6 49. Qh8+ Kg5 50. Qd8+ Kh6 51. Qxh4+ Kg7 52. Qg3 a5 53.
bxa5 bxa5 54. Qe5+ Kh6 55. Qh8+ Kg5 56. h4+ 1-0

[Event "FRA-chT2 0910"]
[Site "France"]
[Date "2009.10.18"]
[Round "3.3"]
[White "Bousmaha, Abderahmane"]
[Black "Cathelineau, Didier"]
[Result "0-1"]
[WhiteElo "2083"]
[BlackElo "2203"]
[PlyCount "80"]
[EventDate "2009.09.27"]
[EventType "team"]
[EventRounds "11"]
[EventCountry "FRA"]
[Source "ChessBase"]
[SourceDate "2010.03.11"]

1. e4 c5 2. Nf3 d6 3. d4 cxd4 4. Nxd4 Nf6 5. Nc3 a6 6. Bg5 e6 7. f4 Qc7 8. Qf3
Nc6 9. Nb3 Be7 10. O-O-O Bd7 11. g4 Rc8 12. Bh4 h6 13. Bg3 Nb4 14. Qe2 e5 15.
f5 b5 16. Bg2 a5 17. a3 a4 18. axb4 axb3 19. cxb3 Bc6 20. h4 Qb7 21. Kb1 Ra8
22. g5 Nd7 23. Nd5 Bxd5 24. Rxd5 Qa6 25. g6 Qa2+ 26. Kc1 Rc8+ 27. Kd2 Qxb3 28.
Qf3 Rc2+ 29. Kd1 Rc3+ 30. Ke2 Rxf3 31. Bxf3 Qxb2+ 32. Rd2 Qxb4 33. gxf7+ Kxf7
34. Bh5+ Kg8 35. Bf3 Nc5 36. Ke3 Qc3+ 37. Ke2 b4 38. Rhd1 Kh7 39. Be1 Qc4+ 40.
Ke3 Ra8 0-1

[Event "FRA-chT2 0910"]
[Site "France"]
[Date "2009.10.18"]
[Round "3.3"]
[White "Cappon, John"]
[Black "Therkildsen, Thomas"]
[Result "0-1"]
[WhiteElo "2124"]
[BlackElo "2306"]
[PlyCount "112"]
[EventDate "2009.09.27"]
[EventType "team"]
[EventRounds "11"]
[EventCountry "FRA"]
[Source "ChessBase"]
[SourceDate "2010.03.11"]

1. e4 Nf6 2. e5 Nd5 3. d4 d6 4. Nf3 dxe5 5. Nxe5 c6 6. Bc4 Be6 7. Nd2 Nd7 8.
Nd3 g6 9. O-O Bg7 10. c3 O-O 11. Re1 b5 12. Bb3 a5 13. a3 Nc7 14. Ne4 Re8 15.
Bxe6 Nxe6 16. Qf3 Rc8 17. Be3 Nb6 18. Rad1 Qd5 19. Ndc5 Nc4 20. Nxe6 Qxe6 21.
Bc1 Qd5 22. Qh3 Rb8 23. f4 b4 24. axb4 axb4 25. Qf3 e6 26. Qe2 Nd6 27. Nxd6
Qxd6 28. Be3 Ra8 29. c4 Ra2 30. Qc2 Qc7 31. Qb3 Qa5 32. Rd2 Qa4 33. Qd3 Rd8 34.
Qe2 b3 35. Red1 Qb4 36. g3 Ra4 37. Rc1 h5 38. Kg2 Qb7 39. Qf3 Qa6 40. Qe2 Rb8
41. Rc3 Ra1 42. Bf2 Qa2 43. Rcd3 Rb1 44. h3 Rc1 45. f5 gxf5 46. d5 cxd5 47.
cxd5 Qa8 48. Qxh5 Rc2 49. Qg5 Rd8 50. Bd4 Qxd5+ 51. Kg1 e5 52. Bxe5 Qc5+ 53.
Rd4 f6 54. Bxf6 Rd7 55. Qg6 Rxd2 56. Bxg7 Qc1# 0-1

[Event "FRA-chT2 0910"]
[Site "France"]
[Date "2009.10.18"]
[Round "3.3"]
[White "Cursoux, Laurent"]
[Black "Becht, Lucas"]
[Result "0-1"]
[WhiteElo "2249"]
[BlackElo "2239"]
[PlyCount "82"]
[EventDate "2009.09.27"]
[EventType "team"]
[EventRounds "11"]
[EventCountry "FRA"]
[Source "ChessBase"]
[SourceDate "2010.03.11"]

1. e4 c5 2. Nf3 Nc6 3. c3 d5 4. exd5 Qxd5 5. d4 Nf6 6. Be2 cxd4 7. cxd4 e6 8.
O-O Be7 9. Bf4 O-O 10. Nc3 Qf5 11. Bg3 Rd8 12. a3 b6 13. Nh4 Qg5 14. Nf3 Qf5
15. Bd3 Qh5 16. Ne2 Bb7 17. Rc1 Rac8 18. b4 Nd5 19. Be4 Bf6 20. Qd2 a6 21. h3
g6 22. Nf4 Nxf4 23. Qxf4 Kg7 24. Qe3 Ba8 25. Be5 Ne7 26. Qf4 Bxe5 27. dxe5 Bxe4
28. Qf6+ Kh6 29. Qf4+ Kg7 30. Qxe4 Nd5 31. Nd2 Nc3 32. Rxc3 Rxc3 33. Nf3 Rd5
34. Re1 Qf5 35. Qe2 Qd3 36. Qb2 Qc2 37. Qa1 Rcd3 38. a4 Rd1 39. Qa3 Rxe1+ 40.
Nxe1 Rd1 41. Qe3 Qb1 0-1

[Event "FRA-chT2 0910"]
[Site "France"]
[Date "2009.10.18"]
[Round "3.3"]
[White "Eusebe, Aurelien"]
[Black "Achereiner, Guillaume"]
[Result "1-0"]
[WhiteElo "2233"]
[BlackElo "2015"]
[PlyCount "83"]
[EventDate "2009.09.27"]
[EventType "team"]
[EventRounds "11"]
[EventCountry "FRA"]
[Source "ChessBase"]
[SourceDate "2010.03.11"]

1. e4 c5 2. Nf3 Nc6 3. Bb5 g6 4. Bxc6 dxc6 5. d3 Bg7 6. h3 Qc7 7. O-O b6 8. a4
a5 9. Na3 Ba6 10. Rb1 Rd8 11. b3 e6 12. Bb2 Bxb2 13. Rxb2 e5 14. Nc4 f6 15.
Nfd2 Nh6 16. Qf3 O-O 17. Qg3 Nf7 18. f4 Qd7 19. Kh1 b5 20. Ne3 Kh8 21. Ng4 Qd4
22. Ra2 exf4 23. Qxf4 f5 24. exf5 Qxf4 25. Rxf4 gxf5 26. Rxf5 c4 27. bxc4 bxc4
28. Rxa5 c3 29. Ne4 Bc8 30. Ngf6 Nd6 31. Rh5 Bf5 32. Nxd6 Bxd3 33. cxd3 Rxf6
34. Ne4 Rf1+ 35. Kh2 Rxd3 36. Rc2 Rf4 37. Rxc3 Rxc3 38. Nxc3 Rc4 39. Ne2 Rxa4
40. Rc5 Re4 41. Ng3 Re6 42. Nf5 1-0

[Event "FRA-chT2 0910"]
[Site "France"]
[Date "2009.10.18"]
[Round "3.3"]
[White "Garrido, Denis"]
[Black "Passager, Jean Pierre"]
[Result "0-1"]
[WhiteElo "2314"]
[BlackElo "2215"]
[PlyCount "86"]
[EventDate "2009.09.27"]
[EventType "team"]
[EventRounds "11"]
[EventCountry "FRA"]
[Source "ChessBase"]
[SourceDate "2010.03.11"]

1. c4 e6 2. d4 d5 3. Nc3 Be7 4. cxd5 exd5 5. Bf4 c6 6. e3 Bf5 7. f3 Bg6 8. Rc1
Qa5 9. h4 h5 10. Nge2 Nd7 11. Kf2 Nh6 12. Bxh6 Rxh6 13. Nf4 Bf5 14. Bd3 Bxd3
15. Qxd3 Bd6 16. Rhe1 Kf8 17. Qf5 Nf6 18. Re2 Qd8 19. Nd3 Ng4+ 20. Ke1 Qxh4+
21. Kd2 Nf6 22. Ne5 g6 23. g3 Qxd4+ 24. exd4 gxf5 25. Rce1 Kg7 26. Ke3 Ng8 27.
Kf2 Re8 28. Rh1 f6 29. Nd3 Rxe2+ 30. Nxe2 Ne7 31. Nef4 Bxf4 32. Nxf4 Kf7 33.
Ke3 Ng6 34. Rxh5 Rxh5 35. Nxh5 Nf8 36. Nf4 Ne6 37. Nxe6 Kxe6 38. b4 b6 39. Kf4
a6 40. a3 c5 41. bxc5 bxc5 42. dxc5 d4 43. c6 Kd6 0-1

[Event "FRA-chT2 0910"]
[Site "France"]
[Date "2009.10.18"]
[Round "3.3"]
[White "Krauss, Michel"]
[Black "Bollore, Jacques"]
[Result "0-1"]
[WhiteElo "2141"]
[BlackElo "2124"]
[PlyCount "136"]
[EventDate "2009.09.27"]
[EventType "team"]
[EventRounds "11"]
[EventCountry "FRA"]
[Source "ChessBase"]
[SourceDate "2010.03.11"]

1. e4 c5 2. Nf3 Nc6 3. d4 cxd4 4. Nxd4 Nf6 5. Nc3 e5 6. Nb3 Bb4 7. Bd3 Bxc3+ 8.
bxc3 O-O 9. O-O d6 10. Bb2 Ne7 11. Re1 Ng6 12. Bc1 Qc7 13. Bd2 Be6 14. Bf1 h6
15. Qe2 Rac8 16. Qb5 Rfd8 17. Bd3 d5 18. Rad1 dxe4 19. Bxe4 Nxe4 20. Rxe4 Bf5
21. Rde1 Bxe4 22. Rxe4 Rd6 23. g3 b6 24. Qe2 f5 25. Ra4 a5 26. Qb5 Qc6 27. Qxc6
Rcxc6 28. c4 f4 29. Kg2 Rc8 30. Kf3 fxg3 31. hxg3 Rdc6 32. c5 bxc5 33. Rxa5 c4
34. Nc1 Rc5 35. Ra4 Rf8+ 36. Ke2 Rb5 37. Bb4 Rfb8 38. a3 Rc8 39. Ra6 Nf8 40.
Na2 Nd7 41. Nc3 Rb6 42. Ra5 Kf7 43. Nd5 Rb7 44. c3 h5 45. Ne3 Ke6 46. Rd5 Rc6
47. Rd1 Nf6 48. a4 Rd7 49. Ra1 Nd5 50. Nc2 g5 51. Rh1 Rh7 52. a5 h4 53. Kf3 Kf5
54. g4+ Ke6 55. Kg2 Nf4+ 56. Kh2 Rd7 57. Ra1 Rd2 58. Ne3 Ra6 59. Nxc4 Rxf2+ 60.
Kh1 h3 61. Re1 Ne2 62. Ne3 Ra7 63. Nf5 Rd7 64. c4 Nd4 65. Bc5 Nf3 66. Bxf2 Nxe1
67. a6 Nf3 68. Ne3 Rd2 0-1

[Event "FRA-chT2 0910"]
[Site "France"]
[Date "2009.10.18"]
[Round "3.3"]
[White "Laporte, Damien"]
[Black "Ollier, Pablo"]
[Result "0-1"]
[WhiteElo "2203"]
[BlackElo "2248"]
[PlyCount "74"]
[EventDate "2009.09.27"]
[EventType "team"]
[EventRounds "11"]
[EventCountry "FRA"]
[Source "ChessBase"]
[SourceDate "2010.03.11"]

1. e4 e6 2. d4 d5 3. Nd2 Nf6 4. e5 Nfd7 5. Bd3 c5 6. c3 Nc6 7. Ne2 cxd4 8. cxd4
f6 9. exf6 Nxf6 10. Nf3 Bd6 11. O-O Qb6 12. Bf4 Bxf4 13. Nxf4 O-O 14. Re1 Ne4
15. Nh5 g6 16. Bxe4 dxe4 17. Ng5 Qb5 18. h4 gxh5 19. Qxh5 Qf5 20. Rxe4 Bd7 21.
Rc1 Qg6 22. Qe2 Kh8 23. Rc5 Rf5 24. Rc3 Raf8 25. Nh3 Qf6 26. Qd2 Rg8 27. Rce3
Rd5 28. Rf4 Rxd4 29. Rxf6 Rxd2 30. Ng5 Nd8 31. Ref3 Bc6 32. R3f4 Rd7 33. g4 Rg6
34. Rf8+ Kg7 35. Rxd8 Rxd8 36. Rf7+ Kg8 37. Re7 h6 0-1

[Event "FRA-chT2 0910"]
[Site "France"]
[Date "2009.10.18"]
[Round "3.3"]
[White "Large, Laurent"]
[Black "Degremont, Patrick"]
[Result "1-0"]
[WhiteElo "2233"]
[BlackElo "1955"]
[PlyCount "143"]
[EventDate "2009.09.27"]
[EventType "team"]
[EventRounds "11"]
[EventCountry "FRA"]
[Source "ChessBase"]
[SourceDate "2010.03.11"]

1. e4 e6 2. d3 d5 3. Nd2 dxe4 4. dxe4 Nf6 5. Ngf3 Nc6 6. Bb5 Bd7 7. c3 a6 8.
Ba4 b5 9. Bc2 e5 10. h3 Bd6 11. O-O O-O 12. Re1 Qe7 13. Nf1 Nd8 14. Ng3 g6 15.
Qd2 Kh8 16. Qg5 Ng8 17. Qxe7 Nxe7 18. Bh6 Re8 19. Rad1 f6 20. Be3 Be6 21. a4
Nb7 22. b4 Red8 23. Rb1 Nc8 24. Red1 Be7 25. Rxd8+ Bxd8 26. Ra1 c6 27. Bd3 Ncd6
28. axb5 cxb5 29. Nd2 Kg7 30. f4 Bf7 31. Nb3 exf4 32. Bxf4 Nc4 33. Nd4 Bb6 34.
Kh2 Bxd4 35. cxd4 a5 36. bxa5 Rxa5 37. Rb1 Nbd6 38. e5 fxe5 39. dxe5 Nc8 40.
Ne4 Bd5 41. Nc3 Bc6 42. Bxc4 bxc4 43. Rb4 Ne7 44. Rxc4 Kf7 45. Bg5 Ba8 46. Bf6
Nd5 47. Nxd5 Bxd5 48. Rc7+ Ke6 49. g4 Ra2+ 50. Kg3 Ra3+ 51. Kf4 Bg2 52. Re7+
Kd5 53. Rd7+ Ke6 54. Rd6+ Kf7 55. Kg5 Re3 56. h4 Re4 57. Rd7+ Ke6 58. Re7+ Kd5
59. Rxh7 Bh3 60. Kxg6 Rxg4+ 61. Kf7 Rg8 62. Rh8 Rg1 63. h5 Be6+ 64. Ke7 Bf5 65.
Rd8+ Ke4 66. e6 Kf4 67. Rd6 Rh1 68. Rd4+ Be4 69. Kd8 Kf5 70. Rxe4 Kxf6 71. e7
Rd1+ 72. Kc7 1-0

[Event "FRA-chT2 0910"]
[Site "France"]
[Date "2009.10.18"]
[Round "3.3"]
[White "Maleki, Manuel"]
[Black "Luco, Alain"]
[Result "1-0"]
[WhiteElo "2258"]
[BlackElo "2139"]
[PlyCount "79"]
[EventDate "2009.09.27"]
[EventType "team"]
[EventRounds "11"]
[EventCountry "FRA"]
[Source "ChessBase"]
[SourceDate "2010.03.11"]

1. Nf3 Nf6 2. c4 g6 3. Nc3 Bg7 4. e4 d6 5. d4 O-O 6. Be2 Nbd7 7. O-O e5 8. Be3
Re8 9. d5 a6 10. Ne1 Qe7 11. b4 Rf8 12. Nd3 Ne8 13. c5 f5 14. f3 Ndf6 15. a4 f4
16. Bf2 g5 17. b5 h5 18. b6 cxb6 19. cxd6 Nxd6 20. Bxb6 g4 21. Nc5 gxf3 22.
Bxf3 Nc4 23. Qb3 Nd6 24. Ne6 Bxe6 25. dxe6 Rfe8 26. Qb4 Qxe6 27. Bd1 Kh8 28.
Bb3 Qe7 29. Bc5 Rad8 30. Rad1 Bf8 31. Rd3 a5 32. Qa3 Qc7 33. Nd5 Nxd5 34. Rxd5
Nxe4 35. Bxf8 Rxf8 36. Kh1 Qb6 37. Rxe5 Nf2+ 38. Rxf2 Qxf2 39. Rxh5+ Kg7 40.
Qe7+ 1-0

[Event "FRA-chT2 0910"]
[Site "France"]
[Date "2009.10.18"]
[Round "3.3"]
[White "Okhotnik, Vladimir"]
[Black "Barbaras, Mathieu"]
[Result "1-0"]
[WhiteElo "2447"]
[BlackElo "1901"]
[PlyCount "89"]
[EventDate "2009.09.27"]
[EventType "team"]
[EventRounds "11"]
[EventCountry "FRA"]
[Source "ChessBase"]
[SourceDate "2010.03.11"]
[WhiteTeam "Meaux"]

1. e4 c5 2. Nf3 Nc6 3. Bc4 g6 4. c3 Bg7 5. O-O e5 6. a3 Nge7 7. b4 d6 8. d3 O-O
9. Nbd2 h6 10. Nb3 b6 11. b5 Nb8 12. a4 a5 13. bxa6 Bxa6 14. Nbd2 Nbc6 15. Bb2
Kh7 16. Bxa6 Rxa6 17. Nc4 d5 18. exd5 Qxd5 19. Qc2 Rd8 20. Qb3 Nc8 21. Qb5 Ra8
22. Rfe1 Rb8 23. h4 N8a7 24. Qb3 b5 25. axb5 Rxb5 26. Qa4 Rdb8 27. Qc2 R5b7 28.
h5 Nc8 29. hxg6+ fxg6 30. Ba3 Rd7 31. Rad1 Ra7 32. Ne3 Qe6 33. Bxc5 Ra2 34. Qc1
Rbb2 35. Rd2 Rxd2 36. Nxd2 Na5 37. Nec4 Qc6 38. Bb4 Nxc4 39. Nxc4 Qa4 40. Qe3
Qc2 41. Qf3 h5 42. Nxe5 Bxe5 43. Rxe5 Qc1+ 44. Kh2 Ra1 45. Qf7+ 1-0

[Event "FRA-chT2 0910"]
[Site "France"]
[Date "2009.10.18"]
[Round "3.3"]
[White "Pozdnjakov, Evgueniy"]
[Black "Toma, Michal"]
[Result "1-0"]
[WhiteElo "2243"]
[BlackElo "2211"]
[PlyCount "87"]
[EventDate "2009.09.27"]
[EventType "team"]
[EventRounds "11"]
[EventCountry "FRA"]
[Source "ChessBase"]
[SourceDate "2010.03.11"]

1. d4 d5 2. Nf3 Nf6 3. e3 Bg4 4. c4 Bxf3 5. gxf3 e6 6. Qb3 b6 7. Nc3 c6 8. cxd5
exd5 9. Bh3 g6 10. Bd2 Bh6 11. Qa3 Bf8 12. Qa4 Qe7 13. Ne2 a5 14. Rc1 Ra7 15.
Qb3 Qb7 16. Qc2 Bh6 17. Ng3 O-O 18. O-O Re8 19. Rfd1 Qe7 20. Bg2 Rd7 21. e4
Bxd2 22. Rxd2 dxe4 23. fxe4 Red8 24. Rcd1 Ne8 25. f4 Nc7 26. Bh3 Ne6 27. d5
cxd5 28. exd5 Nxf4 29. Bxd7 Nxd7 30. Qe4 Qd6 31. Rd4 g5 32. Nf5 Qf6 33. Re1 Rc8
34. Ne7+ Kg7 35. Nxc8 h5 36. Rd2 Ng6 37. Rf1 Qd8 38. Nd6 Nde5 39. Nf5+ Kh7 40.
d6 g4 41. Ne7 Nf3+ 42. Rxf3 gxf3 43. Qxf3 Kg7 44. Qc3+ 1-0

[Event "FRA-chT2 0910"]
[Site "France"]
[Date "2009.10.18"]
[Round "3.3"]
[White "Pucher, Sebastien"]
[Black "Solonar, Stefan"]
[Result "1/2-1/2"]
[WhiteElo "2270"]
[BlackElo "2348"]
[PlyCount "149"]
[EventDate "2009.09.27"]
[EventType "team"]
[EventRounds "11"]
[EventCountry "FRA"]
[Source "ChessBase"]
[SourceDate "2010.03.11"]

1. e4 c5 2. Nf3 Nc6 3. d4 cxd4 4. Nxd4 e5 5. Nb5 d6 6. g3 Nf6 7. Bg2 Bg4 8. Qd2
a6 9. N5c3 Nd4 10. Qd3 Rc8 11. f3 Be6 12. Be3 d5 13. Nd2 Nxc2+ 14. Qxc2 d4 15.
Bf2 dxc3 16. bxc3 Qa5 17. Nb1 Bc5 18. O-O O-O 19. a4 Rfd8 20. Bxc5 Rxc5 21. Qb2
Qc7 22. Rc1 Rd6 23. Bf1 Rb6 24. Qd2 h6 25. Be2 Bb3 26. Qe3 Rbc6 27. Ra3 Be6 28.
Nd2 Nd7 29. Kg2 Nb6 30. h4 Ra5 31. Rca1 Nc4 32. Bxc4 Bxc4 33. Nxc4 Rxc4 34. Qd2
Kh7 35. Qb2 Qd7 36. Rb3 b5 37. axb5 Rxa1 38. Qxa1 Qd2+ 39. Kh3 axb5 40. Qb2 Qe1
41. Kh2 Qd1 42. Rxb5 Qxf3 43. Rxe5 Rxc3 44. Qg2 Qd3 45. Rd5 Qc4 46. Rd2 Re3 47.
Rc2 Qxe4 48. Qxe4+ Rxe4 49. Kg2 f5 50. Kf3 Kg6 51. Rc6+ Kf7 52. Ra6 Re6 53. Ra5
Kf6 54. Kf4 g5+ 55. hxg5+ hxg5+ 56. Kf3 g4+ 57. Kf2 Rb6 58. Ra2 Rb4 59. Kg2 Ke5
60. Re2+ Re4 61. Rd2 Re3 62. Ra2 Rd3 63. Kf2 Ke4 64. Ra4+ Rd4 65. Ra2 Rc4 66.
Re2+ Kd4 67. Rd2+ Ke5 68. Re2+ Kf6 69. Kg2 Kg5 70. Ra2 Rc5 71. Rb2 f4 72. gxf4+
Kxf4 73. Rb4+ Kg5 74. Rb2 Kh4 75. Ra2 1/2-1/2